Music Quiz

Random Music or Song Quiz
Score 0/212 Timer 06:00
0 Plays Today
Lyrics % Correct
Oh
99.5%
Oh
99.5%
a
99.5%
And
99.5%
a
99.5%
a
99.5%
the
99.5%
And
99.5%
Yeah
99.5%
a
99.5%
a
99.5%
and
99.5%
And
99.5%
And
99.5%
the
99.5%
and
99.5%
the
99.5%
and
99.5%
the
99.5%
a
99.5%
[Chorus]
99.5%
and
99.5%
And
99.5%
And
99.5%
the
99.5%
a
99.5%
She
98.2%
she
98.2%
She
98.2%
she
98.2%
she
98.2%
She
98.2%
She
98.2%
she
98.2%
She
98.2%
she
98.2%
she
98.2%
She
98.2%
she
98.2%
she
98.2%
she
98.2%
She
98.2%
She
98.2%
she
98.2%
she
98.2%
she
98.2%
woman
96.7%
woman
96.7%
woman
96.7%
woman
96.7%
always
96.6%
always
96.6%
always
96.6%
always
96.6%
to
95%
to
95%
to
95%
to
95%
to
95%
to
95%
me
94.9%
me
94.9%
me
94.9%
me
94.9%
she's
92.5%
she's
92.5%
she's
92.5%
she's
92.5%
She's
92.5%
she's
92.5%
she's
92.5%
Lyrics % Correct
she's
92.5%
she's
92.5%
her
87.5%
her
87.5%
her
87.5%
her
87.5%
her
87.5%
her
87.5%
can
87%
can
87%
can
87%
can
87%
can
87%
can
87%
can
87%
can
87%
can
87%
you
83.8%
you
83.8%
you
83.8%
you
83.8%
you
83.8%
you
83.8%
you
83.8%
you
83.8%
you
83.8%
but
80.2%
but
80.2%
but
80.2%
But
80.2%
But
80.2%
of
78.8%
of
78.8%
of
78.8%
be
77.1%
be
77.1%
take
76.8%
take
76.8%
in
76%
with
74.9%
with
74.9%
with
74.9%
smile
73.6%
never
72.8%
never
72.8%
never
72.8%
give
71.7%
your
70.8%
care
70.2%
wants
69.9%
wants
69.9%
what
69.6%
what
69.6%
like
68.8%
like
68.8%
on
68.8%
it
68.2%
eyes
67.7%
takes
66.9%
herself
66.4%
out
65.5%
out
65.5%
gives
64.8%
gives
64.8%
do
64.6%
do
64.6%
kill
62.5%
she'll
62.5%
she'll
62.5%
she'll
62.5%
she'll
62.5%
Lyrics % Correct
she'll
62.5%
time
62%
as
61.5%
as
61.5%
as
61.5%
is
61.3%
just
59.4%
lies
59%
ahead
58.9%
if
57.9%
or
57.1%
see
57%
leave
56.8%
mind
56.4%
laugh
56.2%
casual
55.3%
you're
55.2%
cut
55%
will
54.5%
all
53.9%
changes
53.9%
love
52.8%
child
52.7%
while
52.6%
for
52.5%
it's
52.3%
bleeding
51.2%
thief
50%
wound
49.6%
steals
48.3%
only
48.1%
free
48.1%
best
48%
believe
47.7%
long
47.6%
at
47.4%
worst
46.3%
fool
46.2%
'cause
45.8%
ruin
45.4%
nobody's
45%
Then
43.6%
garden
43.3%
Eden
43.3%
bring
43.3%
wait
42.8%
than
42.6%
faith
42.1%
more
42.1%
reveals
41.9%
carelessly
41.8%
Blame
41.6%
yourself
41.3%
degree
40.7%
truth
39.5%
earned
39.5%
throw
39.3%
shadows
38.9%
can't
38.8%
most
38.8%
hides
38.2%
promise
37.8%
pleases
37.2%
ask
37.1%
lead
36.4%
kind
34.3%
cruel
33.4%
suddenly
33.2%
convicted
30.9%
frequently
27.8%
Come Together.
Have Fun.
All Virtual.
We all need to come together. Play Sporcle's virtual live trivia to have fun, connect with people, and get your trivia on. Join a live hosted trivia game for your favorite pub trivia experience done virtually. If a virtual private party is more your thing, go here for details.

You're not logged in!

Compare scores with friends on all Sporcle quizzes.
OR
Log In

Sporcle TV

Today on Sporcle TV


Watch our educational content, quiz creation guides, and fun videos on Sporcle TV.

Show Comments

Extras

Top Quizzes Today


Score Distribution

Paid Content

Your Account Isn't Verified!

In order to create a playlist on Sporcle, you need to verify the email address you used during registration. Go to your Sporcle Settings to finish the process.

Report this User

Report this user for behavior that violates our Community Guidelines.

Details: